| 000 | 00662nam a2200241 a 4500 | ||
|---|---|---|---|
| 001 | 0000413 | ||
| 003 | DO-SdBNP | ||
| 005 | 20180223153014.0 | ||
| 007 | 0000413 | ||
| 008 | 091125s 1977 sp a 000 0 spa d | ||
| 020 | _a8474040701 | ||
| 040 |
_aBPMSU _bspa _cBPMSU |
||
| 082 | 4 |
_axxxx _bxxxx |
|
| 245 | 0 | 0 |
_aDescubre la ciencia / _ctraductor Julio Lapuente |
| 260 |
_aMadrid : _bEdival , _c1977. |
||
| 300 |
_a151 p. : _bil. ; _c32 cm. |
||
| 534 | _aChildren“s picture, Encyclopedia-Fun wiht sciencie | ||
| 700 | 1 | 2 |
_aLapuente, Julio, _etrad. |
| 910 | _a | ||
| 942 |
_2ddc _cBK |
||
| 945 | _aInventariado, 2018 / BT | ||
| 956 |
_aYngrid Lockward _b10 |
||
| 999 |
_c10408 _d10408 |
||